Buenas noches, Luna / (Registro nro. 12100)

Detalles MARC
000 -LIDER
fixed length control field 00959cam a2200349 i 4500
001 - NÚMERO DE CONTROL
Identificador de número de control 0000820
003 - IDENTIFICACDOR DE NÚMERO DE CONTROL
control field DO-SdBNP
005 - DATE AND TIME OF LATEST TRANSACTION
control field 20180216130106.0
007 - CAMPOS FIJOS DE DESCRIPCIÓN FÍSICA
fixed length control field 0000820
008 - ELEMENTOS DE LONGITUD FIJA
fixed length control field 100514s 1995 xxu a | |||| 000 f spa
015 ## - NÚMERO DENTRO DE LA BIBLIOGRAFÍA NACIONAL
National bibliography number
017 ## - NÚMERO DE REGISTRO DE DERECHOS DE AUTOR
Copyright or legal deposit number
Assigning agency
020 ## - ISBN
International Standard Book Number 0060262141
020 ## - ISBN
International Standard Book Number 0064434168
035 ## - NÚMERO LOCAL
System control number
040 ## - FUENTE DE CATALOGACIÓN
Agencia que crea de manera original el registro BPMSU
Idioma de catalogación spa
Agencia que realiza la transcripción BPMSU
Convenciones de la despripción
080 ## - NÚMERO DE CLASIFICACIÓN DECIMAL UNIVERSAL
Universal Decimal Classification number
100 1# - ASIENTO PRINCIPAL -- NOMBRE PERSONAL
Nombre personal Brown, Margaret Wise
Fechas asociadas con el nombre 1910-1952
245 10 - MENCIÓN DE TITULO
Título Buenas noches, Luna /
Medio (Designación general de material)
Mención de responsabilidad Margaret Wise Brown ; ilustraciones Clement Hurd ; traducción Teresa Mlawer
260 ## - PUBLICACIÓN, DISTRIBUCIÓN, ETC. (PIE DE IMPRENTA)
Lugar de publicación, distribución, etc Estados Unidos :
Nombre del editor, distribuidor, etc. Harper Arco Iris,
Fecha de publicación, distribución, etc 1995.
300 ## - DESCRIPCIÓN FÍSICA
Extensión [32] p.:
Otros detalles físicos il.
Dimensiones 17 cm.
490 1# - MENCIÓN DE SERIES
Mención de serie Harper Arco Iris
490 1# - MENCIÓN DE SERIES
Mención de serie Déjame leer
521 ## - TARGET AUDIENCE NOTE
Target audience note De 2 a 6 años.
700 12 - ASIENTO SECUNDARIO -- NOMBRE PERSONAL
Nombre personal Hurd, Clement
Mención de responsabilidad il.
700 12 - ASIENTO SECUNDARIO -- NOMBRE PERSONAL
Nombre personal Mlawer, Teresa
Mención de responsabilidad trad.
830 #0 - ASIENTO SECUNDARIO DE SERIE--TÍTULO UNIFORME
Título uniforme Harper Arco Iris
830 #0 - ASIENTO SECUNDARIO DE SERIE--TÍTULO UNIFORME
Título uniforme Déjame leer
942 ## - ADDED ENTRY ELEMENTS (KOHA)
Source of classification or shelving scheme Dewey Decimal Classification
Koha item type Libros
945 ## - INFORMACIÓN DE PROCESAMIENTO LOCAL
Información de procesamiento local inventariado, 2018 / dg
956 ## - LOCAL ELECTRONIC LOCATION AND ACCESS (OCLC)
Nombre de host YLOCKWARD
Campo enlazado y núm. de secuencia 10
Información de compresión BPMSU
Existencias
Withdrawn status Lost status Source of classification or shelving scheme Damaged status Not for loan Collection code Home library Current library Date acquired Source of acquisition Total Checkouts Barcode Date last seen Price effective from Koha item type
    Dewey Decimal Classification     Colección Infantil General Biblioteca Pública Metropolitana Salomé Ureña Biblioteca Pública Metropolitana Salomé Ureña 11/25/2016 Donado por la Agencia de Cooperación Internacional del Japón   BPMSU16111554 11/25/2016 11/25/2016 Libros